Dream Theater Songs - Statistics

General Stats
  • This quiz has been taken 491 times
  • The average score is 56 of 110
Answer Stats
Answer % Correct
Pull Me Under
92%
Metropolis - Part 1 ["The Miracle And The Sleeper"]
86%
Octavarium
86%
As I Am
80%
6:00
78%
I. Overture
78%
The Count Of Tuscany
78%
The Glass Prison
78%
Home [Scene Six]
77%
Another Day
75%
The Dance Of Eternity [Scene Seven]
75%
A Nightmare To Remember
71%
Take The Time
71%
Learning To Live
70%
Panic Attack
70%
The Spirit Carries On [Scene Eight]
70%
Under A Glass Moon
70%
Erotomania
69%
Finally Free [Scene Nine]
67%
In The Name Of God
67%
The Mirror
67%
Honor Thy Father
66%
Strange Deja Vu [Scene Two]
65%
Wither
65%
Overture 1928 [Scene Two]
64%
In The Presence Of Enemies Pt. 1
63%
In The Presence Of Enemies Pt. 2
63%
Lie
63%
The Ytse Jam
63%
Through Her Eyes [Scene Five]
63%
Peruvian Skies
62%
Stream Of Consciousness
61%
The Best Of Times
61%
The Root Of All Evil
61%
Caught In A Web
60%
The Shattered Fortress
59%
The Silent Man
59%
Regression [Scene One]
58%
Space Dye Vest
58%
Surrounded
58%
Wait For Sleep
58%
Constant Motion
57%
Fatal Tragedy [Scene Three]
57%
Forsaken
57%
The Dark Eternal Night
57%
Endless Sacrifice
55%
On The Backs Of Angels
55%
Sacrificed Sons
55%
The Great Debate
55%
Hell's Kitchen
54%
This Dying Soul
54%
Voices
54%
Lines In The Sand
53%
Misunderstood
53%
Repentance
53%
Beyond This Life [Scene Four]
52%
IV. The Test That Stumped Them All
52%
One Last Time [Scene Seven]
52%
These Walls
52%
VI. Solitary Shell
51%
II. About To Crash
50%
I Walk Beside You
49%
The Enemy Inside
49%
A Rite Of Passage
48%
III. War Inside My Head
48%
Never Enough
48%
Through My Words [Scene Three]
48%
Trial Of Tears
48%
Vacant
48%
Illumination Theory
46%
Innocence Faded
46%
New Millennium
46%
The Ministry Of Lost Souls
46%
V. Goodnight Kiss
45%
VII. About To Crash (Reprise)
45%
Prophets Of War
44%
Scarred
44%
Anna Lee
43%
Disappear
43%
The Answer Lies Within
43%
Blind Faith
41%
VIII. Losing Time/Grand Finale
41%
Afterlife
40%
Hollow Years
40%
Build Me Up, Break Me Down
39%
Enigma Machine
39%
Breaking All Illusions
38%
Bridges In The Sky
38%
You Not Me
38%
Lifting Shadows Off A Dream
37%
Lost Not Forgotten
34%
Outcry
34%
The Killing Hand
33%
The Looking Glass
33%
A Fortune In Lies
32%
Burning My Soul
30%
Beneath The Surface
29%
Status Seeker
29%
Light Fuse And Get Away
27%
False Awakening Suite
26%
Take Away My Pain
25%
This Is The Life
25%
Along For The Ride
23%
Just Let Me Breathe
23%
Behind The Veil
19%
Only A Matter Of Time
18%
The Bigger Picture
18%
Far From Heaven
17%
The One Who Help To Set The Sun
14%
Surrender To Reason
13%
No matching quizzes found
Score Distribution
Percent of People with Each Score
Percentile by Number Answered
Your Score History
You have not taken this quiz